Religion Quiz

Random Religion or Book Quiz

I'm a Bible Book! Quiz Stats

Quiz Updated Nov 2, 2016

Challenge
Share
Tweet
Score 0/25 Timer 05:00
0 Plays Today
% Correct
John Lennon
96.1%
Mark Zuckerberg
91.3%
Matthew Broderick
91.2%
Luke Perry
87.9%
Dr. Ruth Westheimer
82.8%
Daniel Craig
81.8%
James Franco
68.9%
Jonah Hill
65.6%
Jude Law
64.3%
Peter Gabriel
59.8%
Esther Williams
58.2%
Timothy Dalton
55.2%
Joshua Malina
49.1%
% Correct
Isaiah Thomas
48.4%
Joel McHale
47.8%
Jeremiah Johnson
44.1%
Samuel Beckett
43.8%
Ezra Klein
36.8%
Ezekiel Jackson
36.7%
Amos Lee
33.3%
Micah Richards
33.1%
Titus Young
29.9%
Judith Light
27.2%
Malachi Throne
26.5%
Hosea Chanchez
24.2%

You're not logged in!

Compare scores with friends on all Sporcle quizzes.
Join for Free
OR
Log In

You Might Also Like...

Show Comments

Extras

Top Quizzes Today


Score Distribution

Your Account Isn't Verified!

In order to create a playlist on Sporcle, you need to verify the email address you used during registration. Go to your Sporcle Settings to finish the process.

Report this User

Report this user for behavior that violates our Community Guidelines.

Details: